000 01094nam a2200289 i 4500
003 DO-SdBNP
005 20260417101636.0
007 ta
008 240611s2024 dr ac 000 0 spa d
040 _aDO-SdBNP
_bspa
_cBNPHU
_erda
041 _aspa
082 4 _aRD863.44
_bG861h
_222
100 1 _aGrimaldi Silié, Eleanor,
_d1948-
_eautor
_4aut.
_985713
245 1 0 _aHabía una vez ... en una isla tropical :
_bnovela juvenil /
_cEleanor Grimaldi Silié ; ilustraciones, Verouschka Freixas
264 4 _aSanto Domingo :
_bEditora Búho,
_c©2024.
300 _a77 páginas :
_bilustraciones ;
_c23 cm.
336 _atexto
_btxt
_2rdacontent
337 _asin mediación
_bn
_2rdamedia
338 _avolumen
_bnc
_2rdacarrier
500 _aIncluye datos biográficos del autor en la contracubierta.
590 _aInventariado, 2024/ YL
650 4 _aNovela infantojuvenil dominicana
_985710
650 4 _aLiteratura infantojuvenil dominicana
_984579
700 1 _a Freixas, Verouschka,
_eilustrador
_4il.
_943396
910 _aYLockward/Validado. Control de calidad MFF
942 _2ddc
_cLBS1
999 _c56801
_d56801